000 00692nam a2200265Ia 4500
003 OSt
005 20220925220349.0
006 a|||||r|||| 00| 0
007 ta
008 220923b |||||||| |||| 00| 0 eng d
020 _a0333291735
037 _cGeneral Book
040 _aRTL
_cRTL
_beng
041 _2eng
_aeng
082 _aY.3.N7, M1
100 _aNewman Otto
_9124250
245 0 _aChallenge of corporatism
260 _aLondon
_bMacmilan
_c1981
300 _axi,285p
_ccm.
490 _aNew Studies in Sociology
500 _aAppendix: p251-259
650 _aSociology
942 _hY.3.N7, M1
_cGB
_2CC
999 _c571225
_d571225